=LDR 00000nam 2200000 4500 =001 INLIS000000000040931 =005 20130612150503 =008 ***********************************ind** =035 ##$$0010-061300000040931 =041 ##$$a ind =082 ##$$a 641.87 =090 ##$$a 641.87, sof s6 =100 ##$$a Nadya Sofiana =245 ##$$a 1001 fakta tentang kopi, Ndya Sofiana =260 ##$$a 2011 $b Yogyakarta =850 ##$$a NBPNMAT =990 ##$$a 1299112991 =990 ##$$a 01201712991 =990 ##$$a 21105961